L'Essonne en images - Statistiques

Statistiques générales
  • Ce quiz a été pris 323 fois
    142 depuis la dernière actualisation
  • Le résultat moyen est 10 sur 18
Statistiques - réponses
Par images Hint Réponse % Correct
Aéroport Aéroport de Paris-Orly
91%
Ville Évry-Courcouronnes
85%
Plus grande prison d'Europe Fleury-Mérogis
82%
Ancien député Manuel Valls
77%
Chanteur Claude François
75%
Rappeurs PNL
72%
Ville Massy
67%
Grande école École Polytechnique
61%
Rivière L'Orge
60%
Ville Étampes
47%
Grand Ensemble La Grande Borne
47%
Circuit automobile Autodrome de Linas-Montlhéry
38%
Forêt Forêt de Sénart
38%
Château Chamarande
31%
Ville médievale Corbeil
29%
Invention Aérotrain
25%
Plante Cresson
24%
Peintre Gustave Caillebotte
18%
Aucun quiz correspondant
Distribution des résultats
% des personnes avec chaque résultat
Percentile par nombre de réponses
Votre historique - résultats
Vous n’avez pas pris ce quiz depuis la dernière actualisation